000 01666naa a2200253 i 4500
001 BPP
003 BPK
005 20190604154926.0
008 140605s1978 pl f |100 0 pol
040 _cBPK
080 _a621.9
100 _aKACALAK, Wojciech.
_d1970 - 1996.
_bWyższa Szkoła Inżynierska w Koszalinie - Instytut Techniki Wytwarzania,
_cZakład Obróbki Skrawaniem
245 _aTopografia śladów skrawania pojedyńczymi ziarnami ściernymi zamocowanymi elastycznie /
_cWojciech Kacalak, Zdzisław Pluta.
260 _c1978.
500 _aDane z autopsji.
520 _aW pracy przedstawiono model procesu skrawania pojedynczym ziarnem zamocowanym elastycznie opracowany na podstawie warunków dynamicznej równowagi ostrza w strefie pracy. W oparciu o rozważania teoretyczne oraz wyniki badań doświadczalnych przeprowadzono analizę wpływu sposobu utwierdzenia ziarna na topografię śladów skrawania. Na podstawie wprowadzonych parametrów oceny topografii śladów dokonano identyfikacji zjawisk fizycznych w strefie skrawania związanych z mechanicznym oddziaływaniem ostrza na materiał obrabiany.
650 0 _aMateriały ścierne.
655 0 _aMateriały konferencyjne.
650 0 _aSkrawanie
773 _iW :
_tPostępy w technice wytwarzania. Cz. 1, Narzędzia i technologia obróbki ściernej. -
_g1978, s. 324-331
700 _aPLUTA, Zdzisław.
_d1973 - 1996.
_bWyższa Szkoła Inżynierska w Koszalinie - Instytut Techniki Wytwarzania,
_cZakład Obróbki Skrawaniem
711 _aKonferencja Naukowo-Techniczna "Postępy w technice wytwarzania"
_d(1978 ;
_cKołobrzeg, Polska).
942 _cART
_2UKD
999 _c5437
_d5437